Paises y territorios no reconocidos del mundo - Estadísticas

Estadísticas generales
  • Esta prueba ha sido intentada 10 veces
    9 desde el último reinicio
  • La puntuación promedio es 10 de 15
Estadísticas de respuestas
Respuesta % Correcto
Taiwán
100%
Kosovo
100%
Sáhara Occidental
88%
Osetia del Sur
88%
Palestina
88%
Abjasia
63%
Chipre
63%
Corea del Norte
63%
Somalilandia
63%
china
50%
Corea del Sur
50%
Israel
50%
Transnistria
38%
Armenia
25%
República Turca del Norte de Chipre
25%
No se encontraron pruebas coincidentes
Distribución de puntuación
Porcentaje de gente con cada puntuación
Porcentaje por número respondido
Historial de tus puntuaciones
No has intentado esta prueba desde el último reinicio